| 000 | 01062cad a22002175a 4500 | ||
|---|---|---|---|
| 001 | E150727 | ||
| 008 | 100824e20100728xxk 000 0 eng d | ||
| 035 | _a(Sirsi) u150727 | ||
| 041 | 0 | _aeng | |
| 110 | 2 |
_aNational Federation of Builders _94086 |
|
| 245 | 0 | 0 |
_aHouse Builders Association (NFB) welcomes Shapps' zero carbon plans _h[electronic resource] |
| 260 | _c2010 | ||
| 490 |
_aHouse Builders Association Press Release _v28 July 2010 |
||
| 520 | _aWelcomes the announcement from the Housing Minister, Grant Shapps, of further plans for all new homes to be carbon neutral by 2016, which give more flexibility to councils and developers in meeting the eco-standards. | ||
| 590 | _aKA | ||
| 651 | 4 |
_aEngland _y886- |
|
| 690 | _aPROPERTY-RESIDENTIAL PROPERTY-DOMESTIC RESIDENTIAL PROPERTY-HOUSING | ||
| 690 | _aENVIRONMENTAL AND LAND CONSULTANCY-ENERGY-ENERGY USE-ENERGY EFFICIENCY | ||
| 856 | 4 | 8 |
_uhttps://www.builders.org.uk/resources/nfb/000/290/904/HBA_welcomes_schapps.pdf _zView the press release free of charge at www.builders.org.uk |
| 942 | _n0 | ||
| 999 |
_c82620 _d82620 |
||